00468nam a2200169Ia 450000500170000000800410001704000190005804100120007708200160008924500600010525000120016526000420017730000140021965000330023370000220026685000100028820230227111725.0131103s9999 xx 000 0 und d aLoreto College aEnglish a821.08bYOU aGreat English poemscSelected and edited by C. B. Young a3rd ed. aLondonbOxford University Pressc1957 avi,235p.  aEnglish Poetry - Collections aYoung, C. B., ed. aLCLIB